Leadership and Change Management. (Record no. 9374)

MARC details
000 -LEADER
fixed length control field 00564nam a22002057a 4500
003 - CONTROL NUMBER IDENTIFIER
control field OSt
005 - DATE AND TIME OF LATEST TRANSACTION
control field 20240913135648.0
008 - FIXED-LENGTH DATA ELEMENTS--GENERAL INFORMATION
fixed length control field 240913b |||||||| |||| 00| 0 eng d
020 ## - INTERNATIONAL STANDARD BOOK NUMBER
International Standard Book Number 9781847873415
040 ## - CATALOGING SOURCE
Transcribing agency MUST
100 ## - MAIN ENTRY--PERSONAL NAME
Personal name Beerel Annabel
9 (RLIN) 19129
245 ## - TITLE STATEMENT
Title Leadership and Change Management.
260 ## - PUBLICATION, DISTRIBUTION, ETC. (IMPRINT)
Place of publication, distribution, etc. London
Name of publisher, distributor, etc. SAGE
Date of publication, distribution, etc. c2009
300 ## - PHYSICAL DESCRIPTION
Extent xii.264p. ;
Other physical details ill. col.pictures
Dimensions 25cm.
440 ## - SERIES STATEMENT/ADDED ENTRY--TITLE
Title Leadership and Change Management.
9 (RLIN) 19130
500 ## - GENERAL NOTE
General note Bibliography, Index
600 ## - SUBJECT ADDED ENTRY--PERSONAL NAME
Source of heading or term Management
700 ## - ADDED ENTRY--PERSONAL NAME
Personal name Annabel Beerel
9 (RLIN) 19131
942 ## - ADDED ENTRY ELEMENTS (KOHA)
Source of classification or shelving scheme Dewey Decimal Classification
Koha item type Book
Holdings
Withdrawn status Lost status Source of classification or shelving scheme Damaged status Not for loan Home library Current library Date acquired Source of acquisition Inventory number Total Checkouts Full call number Barcode Date last seen Price effective from Koha item type
    Dewey Decimal Classification     MUST Main Library MUST Main Library 13/09/2024 Donation 11/33100   658 BEE 2009 2024-22365 13/09/2024 13/09/2024 Open Shelf